STN EN 12058: 2016 (72 1823), Výrobky z prírodného kameňa. Dosky na podlahy a schody. Požiadavky

Táto norma je slovenskou verziou európskej normy EN 12058: 2015. Preklad zabezpečil Úrad pre normalizáciu, metrológiu a skúšobníctvo Slovenskej republiky. Táto norma má rovnaké postavenie, ako majú oficiálne verzie

Bibliographic Details
Corporate Author: QUALIFORM SLOVAKIA (Bratislava, Slovensko) (Translator)
Other Authors: Otrubová, Jana (Translator)
Format: Book
Language:Slovak
English
PhysicalDescription:44 s. obr., tab. 30 cm
Published: Bratislava Úrad pre normalizáciu, metrológiu a skúšobníctvo Slovenskej republiky 2016
Subjects:

MARC

LEADER 00000cam a2200000 a 4500
001 vtls011470078
003 SK-MaSNL
005 20260301091729.0
008 160201s2016 xo a f u 000 0 slo
015 |a SNBN2016 
040 |a SNK  |b slo  |c SNK  |e AACR2 
041 1 |a slo  |h eng 
044 |a xo  |c SK 
046 |a s  |m 201602 (účin.) 
072 7 |a 691  |x Stavebné hmoty  |2 konspekt 
080 |a 691  |2 2001 
080 |a 006.7/.8  |2 2001 
080 |a (437.6)  |2 2001 
080 |a (4)  |2 2001 
080 |a 691.21  |2 2001 
084 |a 91.100.15  |2 ICS 
130 0 |a STN 72 1823 (STN EN 12058)  |9 421466 
245 1 0 |a STN EN 12058: 2016 (72 1823), Výrobky z prírodného kameňa. Dosky na podlahy a schody. Požiadavky 
246 1 0 |a Výrobky z prírodného kameňa 
246 1 0 |a Dosky na podlahy a schody 
246 1 0 |a Požiadavky 
246 3 0 |a EN 12058: 2015 SK 
260 |a Bratislava  |b Úrad pre normalizáciu, metrológiu a skúšobníctvo Slovenskej republiky  |c 2016 
300 |a 44 s.  |b obr., tab.  |c 30 cm 
500 |a Súbežný názov v angličtine, francúzštine, nemčine 
500 |a Spracovateľ: QUALIFORM SLOVAKIA Bratislava, Jana Otrubová 
500 |a Táto norma nahrádza anglickú verziu STN EN 12058 z júla 2015, ktorá od 1.7.2015 nahradila STN EN 12058 z augusta 2005 v celom rozsahu 
504 |a Normatívne referenčné dokumenty, súvisiace právne predpisy s. 2 ; literatúra s. 43 
520 8 |a Táto norma je slovenskou verziou európskej normy EN 12058: 2015. Preklad zabezpečil Úrad pre normalizáciu, metrológiu a skúšobníctvo Slovenskej republiky. Táto norma má rovnaké postavenie, ako majú oficiálne verzie 
540 |a STN vydané na akomkoľvek nosiči sa môžu rozmnožovať a rozširovať iba so súhlasom určenej právnickej osoby  |b SÚTN Bratislava  |c zákon 264/1999 Z. z. 
650 0 7 |a stavebné materiály  |2 SNKPH  |9 31817 
650 0 7 |a technické normy a štandardy  |z Slovensko  |2 SNKPH  |9 79594 
650 0 7 |a technické normy a štandardy  |z krajiny Európskej únie  |2 SNKPH  |9 289341 
650 0 7 |a Building stones  |2 SNKPH  |9 401777 
650 0 7 |a stavebný kameň  |2 SNKPH  |9 76128 
650 0 7 |a Building materials  |2 SNKPH  |9 266953 
655 7 |a normy  |2 SNKPH  |9 70643 
700 1 |a Otrubová, Jana  |4 trl  |9 341636 
710 2 |a QUALIFORM SLOVAKIA (Bratislava, Slovensko)  |4 trl  |9 355016 
710 2 |a Slovenský ústav technickej normalizácie (Bratislava, Slovensko).  |b Technická komisia č. 75 Kameň a kamenivo  |4 stn  |9 319733 
710 1 |a Slovensko.  |b Úrad pre normalizáciu, metrológiu a skúšobníctvo  |4 stn  |9 158117 
852 |a Štátna vedecká knižnica v Banskej Bystrici 
958 |a OP 
958 |a NB 
999 |c 671998  |d 673928 
952 |a SNK  |b SNK  |y PREZ  |7 0  |p 17A1179670  |o snkSTN EN 12058  |i snk2016/2917  |8 0  |0 0  |1 0  |4 0  |d 2016-02-04  |l 0  |r 2026-02-23 19:30:02  |w 2026-02-23 
952 |a SNK  |b SNK  |y PREZ  |7 0  |p 17A1179706  |o snkSTN EN 12058 D1  |i snk2016/2918  |8 0  |0 0  |1 0  |4 0  |d 2016-02-04  |l 0  |r 2026-02-23 19:30:02  |w 2026-02-23